书目信息 |
| 题名: |
文化地理论
|
|
| 作者: | 刘岩 , 路紫 著 | |
| 分册: | ||
| 出版信息: | 北京 气象出版社 1995 |
|
| 页数: | 233页 | |
| 开本: | 20cm | |
| 丛书名: | ||
| 单 册: | ||
| 中图分类: | G07 | |
| 科图分类: | ||
| 主题词: | 文化地理学 | |
| 电子资源: | ||
| ISBN: | 7-5029-2088-9 | |
| 000 | 00545nam0 2200205 450 | |
| 001 | 0629682062 | |
| 005 | 20070708080558.68 | |
| 010 | @a7-5029-2088-9@dCNY10.80 | |
| 100 | @a20061019d1995 km y0chiy0120 ea | |
| 101 | 0 | @achi |
| 102 | @aCN@b110000 | |
| 200 | 1 | @a文化地理论@Awen hua di li lun@f刘岩,路紫著@Fliu yan,lu zi zhu |
| 210 | @a北京@c气象出版社@d1995 | |
| 215 | @a233页@d20cm | |
| 606 | 0 | @a文化地理学 |
| 690 | @aG07@v3 | |
| 701 | 0 | @a刘岩@Aliu yan@4著 |
| 701 | 0 | @a路紫@Alu zi@4著 |
| 801 | 0 | @aCN@bPFT@c20070708 |
| 905 | @a10447@dG07@e39 | |
| 文化地理论/刘岩,路紫著.-北京:气象出版社,1995 |
| 233页;20cm |
| ISBN 7-5029-2088-9:CNY10.80 |
| ● |
| 相关链接 |
|
|
|
|
正题名:文化地理论
索取号:G07/39
 
预约/预借
| 序号 | 登录号 | 条形码 | 馆藏地/架位号 | 状态 | 备注 |
| 1 | 0503974 | 205039741 | 密集书库/ [索取号:G07/39] | 在馆 | |
| 2 | 0504021 | 205040212 | 密集书库/ [索取号:G07/39] | 在馆 | |
| 3 | 0504022 | 205040221 | 密集书库/ [索取号:G07/39] | 在馆 | |
| 4 | 0765786 | 207657864 | 密集书库/ [索取号:G07/39] | 在馆 | |
| 5 | 0778726 | 207787260 | 密集书库/ [索取号:G07/39] | 在馆 |